000 00485nam a22001817a 4500
008 170330b xxu||||| |||| 00| p tur d
020 _a9789750819940
041 _atur
050 _aPL248.E7837
100 _aEroğlu, Ebubekir
_9708
245 _aSesli Harfler
250 _a1. Baskı
260 _aİstanbul
_bYapı Kredi Yayınları
_cNisan 2011
300 _a99 sayfa
500 _aYapı Kredi Yayınları 3330; Şiir 290
650 0 _9145
_aTürk Edebiyatı
942 _2lcc
_cBK
999 _c1138
_d1116